000 00317nam a2200121Ia 4500
005 20260328104335.0
008 260328s9999||||xx |||||||||||||| ||und||
100 _aMonies, Finn
245 0 _aContemporary Danish Architecture - 1959 /
_cFinn Monies
300 _a87 p.
650 _aDIBUJO ARQUITECTÓNICO
942 _cBK
999 _c11859
_d11859